Missing Word: Colorful Idioms Quiz Stats

 Plays Quiz Updated Oct 2, 2016

Challenge
Share
Tweet
Embed
Score 0/30 Timer 03:00
1 Play Today
Idiom Missing Word % Correct
Once in a blue ______moon
94.9%
Caught red-______handed
93.8%
Black-______ affairtie
93.7%
______ of the blueOut
93.2%
Black ______market
93.1%
Green with ______envy
91.9%
White ______lie
89.8%
Black ______sheep
87.4%
Pink ______slip
87.3%
White as a ______ghost/sheet
86.9%
Get the green ______light
86.5%
Green ______thumb
84.3%
Blue in the ______face
84.2%
Paint the ______ redtown
84%
Black ______box
83.4%
Idiom Missing Word % Correct
Red ______card
81.7%
Don’t eat yellow ______snow
81.1%
Red-______eye
77.5%
Red-______ treatmentcarpet
72.3%
Black_____ball/list
69.4%
______ pinkTickled
69.2%
Blue ______blood
67.7%
Red ______tape
66.1%
Yellow-______bellied
65.6%
______ blancheCarte
62.1%
______-blackPitch/Jet
54.7%
Green around the ______gills
53.3%
Blue-______ribbon/chip
43.3%
White ______elephant
41.1%
Green______horn
36.4%

Today's Daily Dose

Missing Word
No Snow!

Word Ladder
Wild Cats

On This Day
December 16th II

You're not logged in!

Compare scores with friends on all Sporcle quizzes.
OR
Log In

You Might Also Like...

Show Comments

Extras

Top Quizzes Today


Score Distribution

Your Account Isn't Verified!

In order to create a playlist on Sporcle, you need to verify the email address you used during registration. Go to your Sporcle Settings to finish the process.

Report this User

Report this user for behavior that violates our Community Guidelines.

Details: